Homenaje en memoria del tenor Francisco Viñas
Descripción Física:
8 p. : il. ; 21 cm
Materias:
Viñas, Francesc, -- 1863-1933
MARC
| LEADER | 00000nam a2200000Ia 4500 | ||
|---|---|---|---|
| 001 | 22411 | ||
| 008 | 160829s1943 xx 000 0 cat d | ||
| 080 | |a FU-56-7 | ||
| 245 | |a Homenaje en memoria del tenor Francisco Viñas | ||
| 260 | |a Igualada : |b Bas. imp., |c 1943 | ||
| 300 | |a 8 p. : |b il. ; |c 21 cm | ||
| 600 | 1 | 0 | |9 43210 |a Viñas, Francesc, |d 1863-1933 |
| 856 | 4 | |u https://media.diba.cat/diba/fitxers/arxiu/fulletons/bib_22411_baixa.pdf |y Accés lliure | |
| 856 | 4 | |u https://media.diba.cat/diba/fitxers/arxiu/fulletons/bib_22411_baixa.pdf |y Accés lliure | |
| 900 | |a bib_22411_baixa.pdf | ||
| 901 | |a Arxiu | ||
| 942 | |n 1 |2 udc | ||
| 952 | |0 0 |1 0 |4 0 |6 FU567 |7 1 |9 51274 |a Arxiu |b Arxiu |d 2016-12-01 |l 0 |o FU-56-7 |p 22411 |r 2016-12-01 00:00:00 |w 2016-12-01 |y ARXIU | ||
| 999 | |c 55118 |d 55118 | ||